| 000 | 00595nam a22001697a 4500 | ||
|---|---|---|---|
| 005 | 20120208143937.0 | ||
| 020 |
_a8173668175 _c450.00 |
||
| 035 | _aB-854133 | ||
| 037 |
_aDPL _bENG |
||
| 100 |
_aDalheimer, Matthias Kalle _941230 |
||
| 245 |
_aProgramming with Qt / _cby Matthias Kalle Dalheimer |
||
| 250 | _a2nd ed. | ||
| 260 |
_aMumbai _bShroff Publishers and Distributors _c2002 |
||
| 300 |
_axi, 499p. _c22 cms. |
||
| 942 |
_2ddc _cEN _h005.3 _mDAL |
||
| 999 |
_c62294 _d62294 |
||